Identity, compliance and dissent in organizations: a psychoanalytic perspective (Record no. 37330)

000 -LEADER
fixed length control field 00378pab a2200145 454500
008 - FIXED-LENGTH DATA ELEMENTS--GENERAL INFORMATION
fixed length control field 180718b1998 xxu||||| |||| 00| 0 eng d
100 ## - MAIN ENTRY--PERSONAL NAME
Personal name Carr, Adrian
245 ## - TITLE STATEMENT
Title Identity, compliance and dissent in organizations: a psychoanalytic perspective
260 ## - PUBLICATION, DISTRIBUTION, ETC.
Date of publication, distribution, etc. 1998
300 ## - PHYSICAL DESCRIPTION
Extent p.81-99
362 ## - DATES OF PUBLICATION AND/OR SEQUENTIAL DESIGNATION
Dates of publication and/or sequential designation Feb
650 ## - SUBJECT ADDED ENTRY--TOPICAL TERM
Topical term or geographic name entry element Organizations
773 ## - HOST ITEM ENTRY
Main entry heading Organization
909 ## -
-- 37330
Holdings
Withdrawn status Lost status Damaged status Not for loan Permanent Location Current Location Date acquired Serial Enumeration / chronology Barcode Date last seen Price effective from Koha item type
        Indian Institute of Public Administration Indian Institute of Public Administration 2018-07-19 Volume no: 5, Issue no: 1 AR37662 2018-07-19 2018-07-19 Articles

Powered by Koha